Catálogo
 En Linea

ii educativa : (Registro nro. 36810)

Detalles MARC
000 -CABECERA
campo de control de longitud fija 01443nas a2200277 a 4500
001 - NÚMERO DE CONTROL
campo de control 000037320
003 - IDENTIFICADOR DEL NÚMERO DE CONTROL
campo de control DO-SdBNP
005 - FECHA Y HORA DE LA ÚLTIMA TRANSACCIÓN
campo de control 20240917110054.0
008 - DATOS DE LONGITUD FIJA--INFORMACIÓN GENERAL
campo de control de longitud fija 120327c20109999dr mr1p d 0 0spa d
040 ## - FUENTE DE LA CATALOGACIÓN
Centro catalogador/agencia de origen DO-SdBNP
Lengua de catalogación spa
Centro/agencia transcriptor BNPHU
043 ## - CÓDIGO DE ÁREA GEOGRÁFICA
Código de área geográfica nwdr
130 0# - ENTRADA PRINCIPAL--TÍTULO UNIFORME
Título uniforme ii educativa (Santo Domingo, República Dominicana)
9 (RLIN) 63778
245 00 - MENCIÓN DE TÍTULO
Título ii educativa :
Resto del título boletín educativo e informativo del Departamento de Educación Tributaria de la Dirección General de Impuestos Internos /
Mención de responsabilidad, etc. Dirección General de Impuestos Internos. Departamento de Educación Tributaria.
246 10 - FORMA VARIANTE DE TÍTULO
Título propio/Titulo breve Educativa :
Resto del título boletín educativo e informativo
260 ## - PUBLICACIÓN, DISTRIBUCIÓN, ETC.
Lugar de publicación, distribución, etc. Santo Domingo :
Nombre del editor, distribuidor, etc. Departamento de Educación Tributaria de Impuestos Internos.
300 ## - DESCRIPCIÓN FÍSICA
Extensión v.- :
Otras características físicas il. ;
Dimensiones 43 cm.
310 ## - PERIODICIDAD ACTUAL
Periodicidad actual Mensual
362 1# - FECHAS DE PUBLICACIÓN Y/O DESIGNACIÓN SECUENCIAL
Fecha de publicación y/o designación secuencial Inicia con: (enero, 2010)
500 ## - NOTA GENERAL
Nota general Descripción basada en : (enero, 2010)
610 24 - PUNTO DE ACCESO ADICIONAL DE MATERIA--NOMBRE DE ENTIDAD CORPORATIVA
Nombre de entidad corporativa o nombre de jurisdicción como elemento de entrada DIRECCIÓN GENERAL DE IMPUESTOS INTERNOS
Subdivisión geográfica REPÚBLICA DOMINICANA
Subdivisión de forma PUBLICACIONES PERIÓDICAS
9 (RLIN) 63779
650 24 - PUNTO DE ACCESO ADICIONAL DE MATERIA--TÉRMINO DE MATERIA
Término de materia o nombre geográfico como elemento de entrada Educación tributaria
Subdivisión geográfica República Dominicana
Subdivisión de forma PUBLICACIONES PERIÓDICAS
9 (RLIN) 63780
650 24 - PUNTO DE ACCESO ADICIONAL DE MATERIA--TÉRMINO DE MATERIA
Término de materia o nombre geográfico como elemento de entrada Tributación
Subdivisión geográfica República Dominicana
Subdivisión de forma PUBLICACIONES PERIÓDICAS
9 (RLIN) 63781
710 1# - PUNTO DE ACCESO ADICIONAL--NOMBRE DE ENTIDAD CORPORATIVA
Nombre de entidad corporativa o nombre de jurisdicción como elemento de entrada Dirección General de Impuestos Internos.
Unidad subordinada Departamento de Educación Tributaria.
9 (RLIN) 63782
856 41 - LOCALIZACIÓN Y ACCESO ELECTRÓNICOS
Identificador Uniforme del Recurso <a href="http://issuu.com/dgii/docs/periodico?mode=embed&layout=http%3A%2F%2Fskin.issuu.com%2Fv%2Flight%2Flayout.xml&showFlipBtn=true">http://issuu.com/dgii/docs/periodico?mode=embed&layout=http%3A%2F%2Fskin.issuu.com%2Fv%2Flight%2Flayout.xml&showFlipBtn=true</a>
Nota pública Boletín
942 ## - ELEMENTOS DE PUNTO DE ACCESO ADICIONAL (KOHA)
Fuente del sistema de clasificación o colocación Dewey Decimal Classification
Tipo de ítem Koha Publicación periódica

No hay ítems disponibles.

Con tecnología Koha